| 000 | 00658nam a2200193 a 4500 | ||
|---|---|---|---|
| 001 | 47757 | ||
| 005 | 20180714031822.0 | ||
| 008 | 140415s1993 mx 000 0 spa d | ||
| 041 | _aspa | ||
| 082 |
_a641.5097248 _bCAZ |
||
| 245 | 0 | 0 | _aCAZUELA POBLANA |
| 250 | _a1a ed. | ||
| 260 |
_aMEXICO : _bGRUPO IMPRESOS MAARCEER, _c1993 |
||
| 300 |
_a23 _c21.5 x 0.3 x 28.5 |
||
| 490 | _aPUEBLA | ||
| 500 | _aCOLECCIÓN PUEBLA | ||
| 520 | _aLA COMPETENCIA ES CADA VEZ MÁS DIFICIL, LA ÚNICA FORMA DE PREVALECER Y SOBRESALIR EN EL MERCADO ES SUPERARSE Y OFRECER ADEMÁS DEL SABOR, EXCELENCIA EN EL SERVICIO. | ||
| 650 | 1 | 4 |
_aCOCINA _xCOCINA _xPUEBLA |
| 999 |
_c47757 _d47757 |
||